Shakespeare and the making of theatre /

Bibliographic Details
Other Authors: Escolme, Bridget, 1964-, Hampton-Reeves, Stuart
Format: Book
Language:English
Published: New York : Palgrave Macmillan, 2012.
Subjects:

MARC

Tag First Indicator Second Indicator Subfields
LEADER 00000cam a2200000Ia 4500
001 in00002783395
005 20150922150520.0
008 120202s2012 nyua b 001 0 eng d
020 |a 9780230218673 (hbk.) 
020 |a 0230218679 (hbk.) 
020 |a 9780230218680 (pbk.) 
020 |a 0230218687 (pbk.) 
035 |a (OCoLC)ocn776773153 
040 |a UKM  |c UKM  |d YDX  |d NUI  |d YNK  |d BDX  |d UtOrBLW 
049 |a TXAM 
082 0 |a 822.33  |2 23 
090 |a PR2995  |b .S435 2012 
245 0 0 |a Shakespeare and the making of theatre /  |c edited by Bridget Escolme and Stuart Hampton-Reeves. 
264 1 |a New York :  |b Palgrave Macmillan,  |c 2012. 
300 |a xv, 241 pages :  |b illustrations ;  |c 22 cm. 
336 |a text  |b txt  |2 rdacontent 
337 |a unmediated  |b n  |2 rdamedia 
338 |a volume  |b nc  |2 rdacarrier 
504 |a Includes bibliographical references (pages [224]-233) and index. 
600 1 0 |a Shakespeare, William,  |d 1564-1616  |x Criticism and interpretation. 
600 1 0 |a Shakespeare, William,  |d 1564-1616  |x Knowledge  |x Performing arts. 
700 1 |a Escolme, Bridget,  |d 1964- 
700 1 |a Hampton-Reeves, Stuart. 
945 |a PromptCat  |b 108299 
946 |a stk 
947 |a A14836012537 
948 |a cataloged  |b h  |c 2012/12/4  |d c  |e dmitchel  |f 9:44:26 am 
994 |a 92  |b TXA 
999 |a MARS 
999 f f |s 5d81050e-31fa-3d2d-89b1-62166ef09273  |i 6f11c55b-fd85-306b-bbac-8388181bf4d5  |t 0 
952 f f |p normal  |a Texas A&M University  |b College Station  |c Sterling C. Evans Library  |d Evans: Library Stacks  |t 0  |e PR2995 .S435 2012  |h Library of Congress classification  |i unmediated -- volume  |m A14836012537 
998 f f |a PR2995 .S435 2012  |t 0  |l Evans: Library Stacks